| 000 | 01495nam a2200253 4500 | ||
|---|---|---|---|
| 001 | 0000076103 | ||
| 005 | 20250329165434.0 | ||
| 008 | 190415s2019 000 0 eng d | ||
| 040 |
_aCO-CtgCURN _bspa _ccoctgcurn |
||
| 082 | 0 |
_aENF 2019 _bL881 |
|
| 100 | 1 | _aLopez Barrios, Jhorley. | |
| 245 | 1 | 0 |
_aMitos y creencias frente a la donacion de leche materna en mujeres embarazadas y que esten lactando en cartagena de indias 2018. / _cPaula Martinez Mendoza; Vianis Reyes Cabarcas. |
| 260 |
_aCartagena de Indias : _bCorporación Universitaria Rafael Núñez, _c2019. |
||
| 504 | _aTrabajo de grado (Enfermeria). Corporación Universitaria Rafael Nuñez. Facultad de Ciencias de la salud. Enfermeria, 2019. | ||
| 520 | _aLa lactancia materna es un acto esencial para la supervivencia del ser humano; pero a algunas madres se les dificulta proveerla, y deben recurrir a los bancos de leche materna. Se ha evidenciado la existencia de mitos y creencias frente a la donación. | ||
| 650 | 0 |
_aEnfermeria _vTesis y disertaciones academicas. |
|
| 700 | 1 | _aLopez Barrios, Jhorley. | |
| 700 | 1 | _aMartinez Mendoza,Paula. | |
| 700 | 1 | _aReyes Cabarcas,Vianis. | |
| 700 | 1 |
_aFernandez Aragon Shirley _vAsesor. |
|
| 856 |
_uhttps://unicurn.sharepoint.com/:b:/s/biblioteca/EdDENFSuXs5Msy-CA1lS3HkBkUeha2PGXRGMAoYL3khA8A?e=B1E22o _zClick aqui para ver el recurso en texto completo |
||
| 942 |
_2ddc _cTG _hENF 2019 _iL881 |
||
| 999 |
_c4033 _d4033 |
||